| 000 | 00755nam a2200229 a 4500 | ||
|---|---|---|---|
| 005 | 20240911064019.0 | ||
| 008 | 060928s2004 mx r 000 0 spa d | ||
| 020 | _a8449316480 | ||
| 035 | _aUPN01000147397 | ||
| 049 | _aCG | ||
| 050 | 4 |
_aTP248.65 F6.6 _bN6.2 |
|
| 100 | 1 | _aNottingham, Stephen | |
| 245 | 1 | 0 |
_aCome tus genes : _bcómo los alimentos transgénicos están en nuestra dieta / _cStephen Nottingham ; tr. Gemma Andújar. |
| 260 |
_aBarcelona, Esp. : _bPaidós, _cc2004. |
||
| 300 | _a406 p. | ||
| 440 | 0 |
_aPaidós controversias ; _v8 |
|
| 534 |
_pTítulo original: _tEat your genes |
||
| 650 | 4 |
_aALIMENTOS GENETICAMENTE MODIFICADOS _95492 |
|
| 650 | 4 |
_aTECNOLOGIA DE ALIMENTOS _95491 |
|
| 650 | 2 |
_aBiotecnología _95161 |
|
| 905 | _aLibro | ||
| 999 |
_c119542 _d119542 |
||